Diritti formali e strutture formali dei diritti nel pensiero giuridico rosminiano (Record no. 587045)
[ view plain ]
| 000 -CABECERA | |
|---|---|
| Campo de control de longitud fija | 00484nab a2200145Ia 4500 |
| 003 - IDENTIFICADOR DEL NÚMERO DE CONTROL | |
| Campo de control | ES-SlBCS |
| 005 - FECHA Y HORA DE LA ÚLTIMA TRANSACCIÓN | |
| Campo de control | 20210601132856.0 |
| 008 - CÓDIGOS DE INFORMACIÓN DE LONGITUD FIJA | |
| Campo de control de longitud fija | 140529s1969 xxu||||| |||| 00| 0 ita d |
| 041 ## - CÓDIGO DE LENGUA | |
| Código de lengua del texto/banda sonora o título independiente | ita |
| 100 1# - PUNTO DE ACCESO PRINCIPAL-NOMBRE DE PERSONA | |
| Nombre de persona | Drago, Giovanni |
| 9 (RLIN) | 62838 |
| 245 00 - MENCIÓN DE TÍTULO | |
| Título | Diritti formali e strutture formali dei diritti nel pensiero giuridico rosminiano |
| Mención de responsabilidad, etc. | Giovanni Drago |
| 600 14 - PUNTO DE ACCESO ADICIONAL DE MATERIA-NOMBRE DE PERSONA | |
| Nombre personal | Rosmini-Derecho |
| 9 (RLIN) | 199721 |
| 773 0# - ENLACE AL DOCUMENTO FUENTE | |
| Título | Giornali di Metafisica |
| Parte(s) relacionada(s) | vol. 24, nº. 4-6, 1969, págs. 570-601 |
| Número de control del registro relacionado | 0017-0372 |
| 942 ## - ENTRADA DE ELEMENTOS AGREGADOS (KOHA) | |
| Koha [por defecto] tipo de item | Artículos de revista |
| Suprimido | Perdido | Estropeado | No para préstamo | Localización permanente | Localización actual | Localización en estantería | Fecha adquisición | Préstamos totales | Fecha última consulta | Fecha del precio de reemplazo | Tipo de item de Koha |
|---|---|---|---|---|---|---|---|---|---|---|---|
| San Esteban | San Esteban | Depósito de revistas | 11/07/2014 | 11/07/2014 | 11/07/2014 | Artículos de revista |
